000 01189njm a22002897a 4500
005 20100901115333.0
006 a|||||r|||||00| 0
007 sd ammalaaahaa
008 100901t xxu||||| |||| 00| 0 eng d
028 _aSEDE 16515
_bColumbia
035 _aGR-02579
040 _aSED
_cSED
100 _aKapoor, Mahendra
_917891
245 _aBhakthi Main Bhagwan /
_cby Mahendra Kapoor ; music by G. K. Venkatesh ; lyrices by P. L. Santoshi
_h[Sound recording]
246 _aभक्ति मैं भगवन / महेंद्र कपूर
260 _aDUM DUM, India
_bColumbia
_c1976
300 _a1 Sound disc [Gramophone Recording] :
_banalog, 33 1/3 rpm
_c7 in. (SP)
_fGramophone Record
500 _aBrief record
500 _aRecord Labels : Columbia,Blue
505 _aSide-1 हरी नाम ले ( Hari naam le ) --Side-2 देखो दोनों (Dekho dono) (Mahendra Kapoor)
600 _2Kapoor, Mahendra
650 _aBhajan
_xExcerpts
_zIndia
_917892
700 _aVenkatesh, G.K
_920147
700 _aSantoshi, P.L.
_920208
942 _2ddc
_cGR
999 _c46015
_d46015